|
|
|
|
| LEADER |
00710cam a22001811 4500 |
| 008 |
740829s1927 xx 000 0 eng |
| 010 |
|
|
|a 27020927
|
| 035 |
|
|
|a (OCoLC)992395
|
| 100 |
1 |
|
|a Shumway, Waldo,
|d 1891-1956
|
| 245 |
1 |
0 |
|a Vertebrate embryology;
|b a text book for colleges and universities.
|
| 260 |
|
|
|a New York,
|b Wiley;
|a London,
|b Chapman and Hall,
|c 1927.
|
| 300 |
|
|
|a 314 p.
|b illus.
|c 24 cm.
|
| 504 |
|
|
|a "References" at end of each chapter.
|
| 650 |
|
0 |
|a Vertebrates
|x Embryology.
|
| 906 |
|
|
|a 7
|b cbc
|c oclcrpl
|d u
|e ncip
|f 19
|g y-gencatlg
|
| 942 |
|
|
|c BK
|
| 999 |
|
|
|c 362746
|d 362746
|
| 952 |
|
|
|0 0
|1 0
|2 ddc
|4 0
|7 3
|9 422201
|a UL
|b UL
|c PROC
|d 2021-10-25
|l 0
|p G14421-DUP
|r 2021-10-25
|w 2021-10-25
|x Duplicate number suspected
|y BK
|